| 000 | 00412nam a2200145Ia 4500 | ||
|---|---|---|---|
| 008 | 220204s9999 xx 000 0 und d | ||
| 020 | _a8187439106 | ||
| 082 | _bRAO;2 | ||
| 100 | _aRao, G P | ||
| 245 | 0 | _aDescriptors for rubber (Hevea brasiliensis Willd. Ex. Adr. de Juss) Muell. Arg | |
| 260 |
_aKottayam _bRRII _c2005 |
||
| 650 | _aHevea descriptors | ||
| 650 | _aHevea germplasm conservation | ||
| 942 | _cBK | ||
| 999 |
_c44215 _d44215 |
||